Movies Quiz

Random Movies or Disney Quiz

Disney Trios Quiz Stats

 Plays Quiz Updated Sep 4, 2015

Challenge
Share
Tweet
Score 0/24 Timer 06:00
1 Play Today
% Correct
Christopher Robin
88.6%
Wendy Darling
72.4%
Mushu
70.2%
Tweedledee
69.3%
Cogsworth
64.5%
Ed
54.5%
Evil Queen
54.3%
Lady Tremaine
45.4%
Jafar
40.4%
Esmeralda
34.9%
Kerchak
34.4%
Nessus
32.6%
% Correct
John Smith
31.5%
Naveen
30.2%
Jumba
28.5%
Stromboli
25.9%
Thumper
24.5%
Jim Crow
24.2%
Widow Tweed
20.9%
Madame Medusa
19.9%
Lucky
19.8%
Denahi
18.3%
Taran
16%
Lucky Jack
9.6%

You're not logged in!

Compare scores with friends on all Sporcle quizzes.
OR
Log In

You Might Also Like...

Show Comments

Extras

Top Quizzes Today


Score Distribution

Your Account Isn't Verified!

In order to create a playlist on Sporcle, you need to verify the email address you used during registration. Go to your Sporcle Settings to finish the process.

Report this User

Report this user for behavior that violates our Community Guidelines.

Details: